Nba Starting Five by draft class 1956-1960 - Statistics

General Stats
  • This quiz has been taken 6 times
  • The average score is 7 of 25
Answer Stats
Hint Answer % Correct
c Bill Russell
100%
sf Elgin Baylor
83%
sf Elgin Baylor
83%
sg Jerry West
83%
pg Oscar Robertson
67%
c Wilt Chamberlain
67%
pg K.C. Jones
50%
sg Sam Jones
50%
pf Bailey Howell
17%
sg Hal Greer
17%
pg Paul Neumann
17%
pf Tom Sanders
17%
pf Willie Naulls
17%
sf Bob Boozer
0%
c Darrall Imhoff
0%
sf Dave Budd
0%
pf Dave Gambee
0%
sg Dick Barnett
0%
pg Guy Rodgers
0%
pg Hot Rod Hundley
0%
c Jim Palmer
0%
sg Si Green
0%
sf Steve Hamilton
0%
c Wayne Embry
0%
pf Woody Sauldsberry
0%
No matching quizzes found
Score Distribution
Percent of People with Each Score
Percentile by Number Answered
Your Score History
You have not taken this quiz